000 00798nam a2200265Ja 4500
999 _c5936
_d5936
001 23868425
003 OSt
005 20190111105525.0
008 910515s1991 cau s 000 0 eng
010 _a91-19104
020 _a0830715053
035 _a5004088
040 _aDLC
_cDLC
_dOSU
043 _an-us---
050 _aBR526
_b.B3 1991
050 0 0 _aBR526
_b.B3 1991
082 _a277.3
_bB259W
100 1 _aBarna, George
245 1 4 _aThe Barna report :
_ban annual survey of values and religious views in the United States /
_cGeorge Barna
260 _aVentura, Calif., U.S.A. :
_bRegal Books,
_cc1991
300 _a309 p. :
_bill. ;
_c23 cm
650 0 _aChristianity
_zUnited States
_xStatistics
651 0 _aUnited States
_xReligious life and customs
_xStatistics
942 _2ddc
_cBK